000 00580nam a2200205Ia 4500
005 20260429112258.0
008 260429s9999||||xx |||||||||||||| ||und||
020 _a9780367241230
041 _aEnglish
082 _a300
_bGOR
100 _aGordon, Rachel A.
245 0 _aRegression Analysis for the Social Sciences /
_cRachel A. Gordon
250 _a2nd ed.
260 _aNew York :
_bRoutledge,
_c2015.
300 _axxi, 543 p.; pbk
650 _a Applied statistics
650 _a Social sciences-Statistical methods
650 _aRegression analysis
942 _cTB
999 _c53280
_d53280